000
00299nam a2200133Ia 4500
005
20260328104337.0
008
260328s9999||||xx |||||||||||||| ||und||
100
_a
Daab
245
0
_a
Stadium Design /
_c
Daab
260
_b
Daab
300
_a
400 p.
650
_a
ARQUITECTURA DEPORTIVA
942
_c
BK
999
_c
11950
_d
11950